000 00899nam a2200229Ia 4500
999 _c3411
_d3411
003 OSt
005 20200331103145.0
008 191128s1976 ck gr 000 0 spa d
040 _aCO-JMCR
_cCO-JMCR
041 _aspa
082 0 4 _a070.442 /
_b C355c
100 1 _aCastro Caycedo, Germán,
_eautor
_92251
245 1 0 _aColombia amarga /
_cGerman Castro Caycedo
250 _aSegunda edición
260 _aBogotá :
_bCarlos Valencia,
_c1976
300 _a199 páginas ;
_c 17 cm.
520 _a El periodismo inicialmente en la prensa escrita y ahora en la televisión ha sido la profesión única de Germán Castro Caycedo. Este libro el promero del joven escritor es una selección de sus trabajos efectuados a lo largo de siete años.
650 1 4 _aCrónicas periodísticas
_92252
650 2 4 _aCrónicas colombianas
_92253
650 2 4 _aReportajes colombianos
_92254
942 _2ddc
_cBK